| 000 | 02325cam a22005294i 4500 | ||
|---|---|---|---|
| 003 | PE-LiUPU | ||
| 005 | 20250731165507.0 | ||
| 008 | 170720s2015 enka r 001 0 eng d | ||
| 020 | _a1783987421 | ||
| 020 | _a9781783987429 | ||
| 035 | _a(Sirsi) a237955 | ||
| 040 |
_aPE-LiUPU _bspa _cPE-LiUPU _erda |
||
| 049 | _aPRUA | ||
| 082 | 0 | 4 |
_a005.2762 _bF23 _223 |
| 100 | 1 |
_aFarcic, Viktor, _eautor. |
|
| 245 | 1 | 0 |
_aTest-driven Java development : _binvoke TDD principles for end-to-end application development with Java / _cViktor Farcic, Alex Garcia. |
| 264 | 1 |
_aBirmingham : _bPackt Publishing Limited _c2015. |
|
| 300 |
_aix, 258 páginas : _bilustraciones ; _c24 centímetros |
||
| 336 |
_atext _2rdacontent |
||
| 337 |
_aunmediated _2rdamedia |
||
| 338 |
_avolume _2rdacarrier |
||
| 504 | _aÍndices: páginas 253-258. | ||
| 505 | 0 | _aWhy should i care for tes-driven development? -- Tools, franmeworsk, and environments -- Red-green-refactor - from failure throungh success until perfection -- Unit testing - focunsing on what you do and not on what has been done -- Desing - if it's not testable it's not designed well -- Mocking - removing external dependencies -- BDD - working together with the whole team -- Feature toggles - deploying partially done features to production -- Putting it all together. | |
| 526 | _aSEG44 | ||
| 526 | _aSEG26 | ||
| 526 | _aP151 | ||
| 526 | _aP150 | ||
| 526 | _aP149 | ||
| 526 | _aP146 | ||
| 526 | _aP145 | ||
| 526 | _aP126 | ||
| 526 | _aP125 | ||
| 526 | _aP92 | ||
| 526 | _aP75 | ||
| 526 | _aP74 | ||
| 526 | _aP27 | ||
| 526 | _aP15 | ||
| 541 | _Compra; | ||
| 650 | 0 | 4 | _aJava (Programmiersprache). |
| 650 | 0 | 4 | _aPrueba primero de Ansatz. |
| 910 |
_ajck _bjvq _cjpc _d20170720 |
||
| 942 |
_2ddc _cBOOK |
||
| 949 |
_a005.2762 F23 _wDEWEY _c1 _i76472 _lCATALOGING _mBUL _p120.00 _r0 _sY _tBOOK _u2017-07-20 _xINGENIERIA _PP27 _0COMPRA _o.CIRCNOTE. El documento es de alto precio. _o.STAFF. Colección Ingeniería y Arquitectura |
||
| 994 |
_aC0 _bPEPRU |
||
| 596 | _a1 | ||
| 999 |
_a005.2762 F23 _wDEWEY _c24662 _i76472 _d24662 _e2018-3-12 _f2021-11-9 _g4 _lCCODEBUL1 _mBUL _n2 _p120.00 _r0 _sY _tBOOK _u2017-7-20 _xINGENIERIA _PP27 _0COMPRA _o.STAFF. Colección Ingeniería y Arquitectura |
||
| 980 |
_81 _gALBERTO SANCHEZ Responsable de Automatización |
||